Prime ministers of India (Record no. 72688)

MARC details
000 -LEADER
fixed length control field 00348nam a2200145Ia 4500
008 - FIXED-LENGTH DATA ELEMENTS--GENERAL INFORMATION
fixed length control field 230917s9999||||xx |||||||||||||| ||und||
040 ## - CATALOGING SOURCE
-- 155868
Original cataloging agency VIVEKANANDA LIBRARY
041 ## - Language
-- English
082 ## - DDC NUMBER
Classification number B N315G:P
100 ## - MAIN ENTRY--PERSONAL NAME
Personal name Gujrati, B S
245 #0 - TITLE STATEMENT
Title Prime ministers of India
260 ## - PUBLICATION, DISTRIBUTION, ETC. (IMPRINT)
Place of publication, distribution, etc Delhi
Name of publisher, distributor, etc Metropalitan Book Co
Date of publication, distribution, etc 1967
300 ## - PHYSICAL DESCRIPTION
Pages 72 p.
942 ## - ADDED ENTRY ELEMENTS (KOHA)
Koha item type Books
Holdings
Withdrawn status Lost status Damaged status Not for loan Location (home branch) Sublocation or collection (holding branch) Date acquired Koha issues (times borrowed) Koha full call number Accession No. Koha date last seen Koha item type
        VIVEKANANDA LIBRARY VIVEKANANDA LIBRARY 26/04/2010   B N315G:P 14675 17/09/2023 Books
© Designed and Maintained by Vivekananda Library, MDU Rohtak